00373nam a2200121Ia 4500008004100000082002000041100002300061245002200084260003400106300000800140630001800148650008500166211109s9999||||xx |||||||||||||| ||und|| a494.8125bRAJ-K aRajarajavarma, A R 0aKerala Panineeyam bB VaThiruvananthapuramc1900 axp. xGeneral Stack aMalayalam LiteraturevMalayalam LanguageLiterary TheoryLangauge StudyxMalayalam